LIBRARY & INFORMATION CENTRE, KCAET, TAVANUR

ONLINE PUBLIC ACCESS CATALOGUE (OPAC)

Advanced mathematics for engineering students, Vol 1 / (Record no. 9855)

MARC details
000 -LEADER
fixed length control field 00543cam a2200205ua 4500
041 ## - LANGUAGE CODE
Language code of text/sound track or separate title eng
082 ## - DEWEY DECIMAL CLASSIFICATION NUMBER
Classification number 519.062
Item number NAR/AD
100 ## - MAIN ENTRY--AUTHOR NAME
Personal name Narayanan, Pillai S .
245 ## - TITLE STATEMENT
Title Advanced mathematics for engineering students, Vol 1 /
250 ## - EDITION STATEMENT
Edition statement 1 /
260 ## - PUBLICATION, DISTRIBUTION, ETC. (IMPRINT)
Place of publication Chennai :
Name of publisher S.Viswanathan ,
Year of publication 1993.
300 ## - PHYSICAL DESCRIPTION
Number of Pages 359 ; .
700 1# - ADDED ENTRY--PERSONAL NAME
Personal name Manicavachagom, T K .
700 1# - ADDED ENTRY--PERSONAL NAME
Personal name Ramanaiah, G .
942 ## - ADDED ENTRY ELEMENTS (KOHA)
Koha item type Books
Holdings
Withdrawn status Lost status Damaged status Home library Current library Shelving location Date acquired Full call number Accession Number Koha item type
    Damaged KAUAET KAUAET Binding Shelf 07/04/2012 519.062 18601 Books
free website counter